Xây dựng bộ hình ảnh đặc điểm phân loại và phân bố một số loài thực vật tại khu 2, trường Đại học Cần Thơ : Báo cáo tổng kết đề tài nghiên cứu Khoa học của sinh viên

Khảo sát đa dạng hình thái thực vật cơ bản của một số loài thực vật bậc cao thân gỗ và một số thân hóa gỗ trong khuôn viên Đại học Cần Thơ, thực hiện hệ thống bộ sưu tập hình ảnh và thông tin liên quan của các loài thực vật khảo sá...

Täydet tiedot

Tallennettuna:
Bibliografiset tiedot
Päätekijä: Lữ, Thành Thuận
Aineistotyyppi: Kirja
Kieli:Undetermined
Julkaistu: Cần Thơ Trường Đại học Cần Thơ 2016
Aiheet:
Tagit: Lisää tagi
Ei tageja, Lisää ensimmäinen tagi!
Thư viện lưu trữ: Trung tâm Học liệu Trường Đại học Cần Thơ
LEADER 01438nam a2200217Ia 4500
001 CTU_223225
008 210402s9999 xx 000 0 und d
082 |a 580.12 
082 |b Th502 
088 |a TSV2016-20 
100 |a Lữ, Thành Thuận 
245 0 |a Xây dựng bộ hình ảnh đặc điểm phân loại và phân bố một số loài thực vật tại khu 2, trường Đại học Cần Thơ : 
245 0 |b Báo cáo tổng kết đề tài nghiên cứu Khoa học của sinh viên 
245 0 |c Lữ Thành Thuận (Chủ nhiệm đề tài) ; Nguyễn Kim Đua (Người hướng dẫn) ; Nguyễn Hải Âu, Trần Thiện Đức, Phạm Lâm Thảo Quyên (Thành viên tham gia) 
260 |a Cần Thơ 
260 |b Trường Đại học Cần Thơ 
260 |c 2016 
520 |a Khảo sát đa dạng hình thái thực vật cơ bản của một số loài thực vật bậc cao thân gỗ và một số thân hóa gỗ trong khuôn viên Đại học Cần Thơ, thực hiện hệ thống bộ sưu tập hình ảnh và thông tin liên quan của các loài thực vật khảo sát được. 
650 |a Thực vật học,Botany 
650 |x Phân loại,Classification 
980 |a Trung tâm Học liệu Trường Đại học Cần Thơ